[Event "Belgrade Investbank"]
[Site "Belgrade"]
[Date "1989.11.??"]
[Round "11"]
[White "Kasparov, Garry"]
[Black "Nikolic, Predrag"]
[Result "1-0"]
[WhiteElo "2775"]
[BlackElo "2600"]
[Annotator "Ftacnik,L"]
[PlyCount "81"]
[EventDate "1989.11.??"]
[EventType "tourn"]
[EventRounds "11"]
[EventCountry "YUG"]
[EventCategory "15"]
[SourceTitle "CBM 016"]
[Source "ChessBase"]
[SourceDate "1990.06.01"]
[SourceVersion "1"]
[SourceVersionDate "1990.06.01"]
[SourceQuality "1"]

1. d4 Nf6 2. c4 e6 3. Nc3 Bb4 4. Qc2 d5 5. cxd5 exd5 6. Bg5 h6 7. Bh4 g5 8. Bg3
Ne4 9. e3 c6 10. Bd3 Nxg3 11. hxg3 Be6 12. a3 Bf8 (12... Bd6 13. Nf3 Nd7 14.
O-O-O Qe7 15. e4 $1) 13. f4 gxf4 14. gxf4 Bg4 15. Bf5 Bxf5 $6 (15... Rg8 $1 16.
Nf3 Nd7 17. O-O-O Qa5 $5 {Kasparov}) 16. Qxf5 Nd7 17. e4 Qf6 (17... dxe4 18.
Nxe4 Qe7 19. Nf3 Qe6 20. Qxe6+ fxe6 $16) 18. Qxf6 Nxf6 19. e5 Nd7 20. Nge2 Rg8
21. Kf2 Nb6 22. b3 Kd7 23. Ng3 Rc8 (23... f6 $2 24. Nh5 $18) 24. Kf3 c5 25.
dxc5 Rxc5 26. Nce2 Rc6 27. Rhc1 Rxc1 28. Rxc1 Bxa3 29. Ra1 Bc5 30. Nf5 (30.
Rxa7 Nc4 31. Ra2 $16) 30... Ra8 31. Nxh6 Ke6 32. g4 a5 33. Rc1 Nd7 34. Nc3 Ra6
35. Re1 $1 d4 36. f5+ Ke7 37. Nd5+ Kf8 38. e6 fxe6 39. fxe6 Nb8 40. Nf5 Nc6 41.
g5 {Ftacnik} 1-0

[Event "Murcia m"]
[Site "Murcia"]
[Date "1990.??.??"]
[Round "5"]
[White "Psakhis, Lev"]
[Black "Kasparov, Garry"]
[Result "0-1"]
[WhiteElo "2575"]
[BlackElo "2800"]
[Annotator "Ribli,Z"]
[PlyCount "60"]
[EventDate "1990.??.??"]
[EventType "match"]
[EventRounds "6"]
[EventCountry "ESP"]
[SourceTitle "CBM 020"]
[Source "ChessBase"]
[SourceDate "1991.02.01"]
[SourceVersion "1"]
[SourceVersionDate "1991.02.01"]
[SourceQuality "1"]

1. c4 g6 2. Nc3 Bg7 3. g3 Nc6 4. Bg2 d6 5. Nf3 e5 6. d3 f5 7. O-O Nf6 8. Rb1 (
8. Bg5 h6 9. Bxf6 Qxf6 10. Nd2 O-O 11. e3 Qd8 {Barle,J-Vasiukov,E Voskresenk
1990 CBM/19}) 8... h6 9. b4 O-O 10. b5 Ne7 11. a4 Be6 $5 (11... g5 12. Qc2 f4
13. Ba3 Nf5 14. a5 Qe8 15. c5 $14 {Liebert-Knaak Zinnowitz 1971}) 12. Ba3 Rc8
13. Nd2 b6 14. e3 g5 15. d4 exd4 16. exd4 f4 17. Re1 Bg4 $1 18. Nf3 (18. f3 Bf5
19. Nde4) 18... Qd7 19. c5 Rce8 20. Rc1 Nf5 21. Qd3 Kh8 22. cxd6 cxd6 23. Rxe8
Qxe8 24. Rf1 Qh5 25. Ne4 Nxe4 26. Qxe4 Bh3 27. Ne5 Bxg2 28. Kxg2 g4 29. Bxd6
Rf6 30. Bb8 Qh3+ 0-1

[Event "Murcia m"]
[Site "Murcia"]
[Date "1990.??.??"]
[Round "6"]
[White "Kasparov, Garry"]
[Black "Psakhis, Lev"]
[Result "1-0"]
[WhiteElo "2800"]
[BlackElo "2575"]
[Annotator "Ftacnik,L"]
[PlyCount "71"]
[EventDate "1990.??.??"]
[EventType "match"]
[EventRounds "6"]
[EventCountry "ESP"]
[SourceTitle "CBM 020"]
[Source "ChessBase"]
[SourceDate "1991.02.01"]
[SourceVersion "1"]
[SourceVersionDate "1991.02.01"]
[SourceQuality "1"]

1. d4 Nf6 2. c4 e6 3. Nc3 Bb4 4. e3 c5 5. Nge2 d5 6. a3 Bxc3+ 7. Nxc3 cxd4 8.
exd4 dxc4 9. Bxc4 Nc6 10. Be3 O-O 11. O-O b6 12. Qf3 Bb7 13. Bd3 Rc8 14. Rad1
Rc7 15. Qh3 Ne7 16. Bg5 Ng6 17. Qg3 Rd7 18. d5 $3 exd5 (18... Bxd5 19. Bb5 $1
Rd6 (19... Rc7 20. Nxd5 exd5 21. Bxf6 gxf6 22. Qb3 $16) (19... Rb7 20. Nxd5
exd5 21. Bc6 Rb8 22. Bxd5 $16) 20. Bxf6 gxf6 21. Ne4 $1 $16) 19. Bf5 Re7 (19...
Rd6 20. Nb5 Rc6 21. Nxa7 $16) 20. h4 Qc7 21. Qxc7 Rxc7 22. Rfe1 Re7 (22... Rd8
23. h5 Nf8 24. h6 $36) 23. Nb5 Rfe8 (23... a6 24. Nd6 Bc6 25. Nc8 Rxe1+ 26.
Rxe1 b5 $2 27. Bxg6 hxg6 28. Ne7+ $18) 24. Rxe7 Nxe7 25. Bh3 Bc8 26. Bxc8 Rxc8
(26... Nxc8 27. Bxf6 gxf6 28. Rxd5 $16) 27. Nxa7 Rc2 28. b4 Kf8 29. Be3 Nf5 30.
Bxb6 Ng4 (30... Nxh4 31. Bc5+ Ke8 32. Re1+) 31. Bc5+ Ke8 32. Nb5 Ra2 33. Nc3
Rxa3 34. Nxd5 f6 35. b5 Rb3 36. b6 {Ftacnik,L} 1-0

[Event "Linares 08th"]
[Site "Linares"]
[Date "1990.??.??"]
[Round "3"]
[White "Portisch, Lajos"]
[Black "Kasparov, Garry"]
[Result "0-1"]
[WhiteElo "2605"]
[BlackElo "2800"]
[Annotator "Knaak,R"]
[PlyCount "54"]
[EventDate "1990.02.??"]
[EventType "tourn"]
[EventRounds "11"]
[EventCountry "ESP"]
[EventCategory "16"]
[SourceTitle "CBM 017"]
[Source "ChessBase"]
[SourceDate "1990.08.01"]
[SourceVersion "1"]
[SourceVersionDate "1990.08.01"]
[SourceQuality "1"]

1. Nf3 g6 2. e4 Bg7 3. d4 d6 4. c4 Nf6 5. Nc3 O-O 6. Be2 e5 7. O-O Nc6 8. Be3
Ng4 9. Bg5 f6 10. Bc1 f5 {Nicht neu, aber meist wird 10...Sh6 gespielt.} 11.
Bg5 Bf6 12. Bxf6 Nxf6 13. dxe5 dxe5 14. Qxd8 (14. c5 {+/= ECO} Qe7 $5) 14...
Rxd8 15. Nd5 $6 Nxe4 16. Nxc7 Rb8 17. Rfd1 Bd7 $15 18. Bd3 $6 Rbc8 19. Nd5 Nc5
20. Bf1 Be6 $15 21. b4 $2 Bxd5 22. cxd5 Nxb4 23. Nxe5 Ne4 24. Bc4 Nc3 $19 25.
Rd2 Nbxd5 26. g3 Kg7 27. Kg2 $2 Ne3+ 0-1

[Event "Linares 08th"]
[Site "Linares"]
[Date "1990.??.??"]
[Round "4"]
[White "Kasparov, Garry"]
[Black "Spassky, Boris Vasilievich"]
[Result "1-0"]
[WhiteElo "2800"]
[BlackElo "2560"]
[Annotator "Ftacnik,L"]
[PlyCount "57"]
[EventDate "1990.02.??"]
[EventType "tourn"]
[EventRounds "11"]
[EventCountry "ESP"]
[EventCategory "16"]
[SourceTitle "CBM 017"]
[Source "ChessBase"]
[SourceDate "1990.08.01"]
[SourceVersion "1"]
[SourceVersionDate "1990.08.01"]
[SourceQuality "1"]

1. d4 Nf6 2. c4 e6 3. Nc3 Bb4 4. Qc2 d5 5. cxd5 exd5 6. Bg5 h6 7. Bh4 c5 8.
dxc5 Nc6 (8... g5 9. Bg3 d4 10. O-O-O Qa5 11. Rxd4 Nc6 12. Rd6 Ke7 $5 $13 {
Spassky}) 9. e3 g5 10. Bg3 Ne4 (10... Qa5 11. Nf3 Ne4 12. Nd2 $1 Nxc3 13. bxc3
Bxc3 14. Rb1 a6 $6 (14... Bb4 $5) 15. Bd6 $16 {Glek-Juferov/USSR/1989/}) 11.
Nf3 Qf6 12. Bb5 $5 {N} (12. Rc1 Bf5 13. Bd3 h5 14. h4 g4 15. Ng5 Nxc3 16. bxc3
Qxc3+ 17. Qxc3 Bxd3 18. Bd6 Bf5 19. f3 Bxc3+ 20. Rxc3 f6 21. fxg4 Bxg4 22. Nf3
$10 {Gelfand,B-Balashov,J/USSR/1989/}) 12... Nxc3 13. Bxc6+ bxc6 (13... Qxc6
14. bxc3 Ba5 15. Be5 $16) 14. a3 g4 15. Be5 Ne4+ 16. axb4 Qf5 17. Bxh8 gxf3 18.
Rg1 Qg4 $2 (18... fxg2 $1 19. Qe2 Ng5 20. f4 Ne4 $16) 19. Qd1 Ng5 20. Qd4 Ne4
21. Qe5+ Be6 22. Qf4 Qg6 23. Qxf3 f6 24. Qf4 Kf7 25. f3 Ng5 26. Kd2 $1 Qf5 27.
h4 Qxf4 28. exf4 Nh7 29. g4 {Ftacnik,L} (29. g4 Rxh8 30. Rxa7+ Kg8 31. Re1 Nf8
32. f5 Bd7 33. Re7 Rh7 34. Rxh7 Kxh7 35. b5 $18) 1-0

[Event "Linares 08th"]
[Site "Linares"]
[Date "1990.??.??"]
[Round "11"]
[White "Kasparov, Garry"]
[Black "Illescas Cordoba, Miguel"]
[Result "1-0"]
[WhiteElo "2800"]
[BlackElo "2530"]
[Annotator "Ftacnik,L"]
[PlyCount "121"]
[EventDate "1990.02.??"]
[EventType "tourn"]
[EventRounds "11"]
[EventCountry "ESP"]
[EventCategory "16"]
[SourceTitle "CBM 017"]
[Source "ChessBase"]
[SourceDate "1990.08.01"]
[SourceVersion "1"]
[SourceVersionDate "1990.08.01"]
[SourceQuality "1"]

1. d4 d5 2. c4 e6 3. Nf3 c5 4. cxd5 exd5 5. g3 Nf6 6. Bg2 Be7 7. O-O O-O 8. Nc3
Nc6 9. Bg5 cxd4 10. Nxd4 h6 11. Be3 Re8 12. Qb3 Na5 13. Qc2 Bg4 14. Nf5 Bb4 15.
Bd4 Bxc3 16. Bxc3 Rxe2 17. Qd1 d4 (17... Re5 18. Nxh6+ gxh6 19. f3) 18. Nxd4
Rxf2 19. Qa4 Rxg2+ (19... Rxf1+ 20. Rxf1 $16 {x Na5}) 20. Kxg2 Qd5+ $5 {N} (
20... b6 {Kasparov}) 21. Kg1 Nc4 22. Qb5 a6 23. Qxd5 Nxd5 24. Rfe1 h5 25. Ne2
Nxc3 26. bxc3 Ne5 27. Nd4 f6 28. a4 Rc8 29. Ra3 Rc7 30. Rb3 Kf7 31. Reb1 Bc8
32. Kf1 Nc4 33. Ke2 Na5 34. Ra3 Nc4 35. Rab3 Na5 36. Ra3 Nc4 37. Ra2 Kg6 38.
Kd3 Ne5+ 39. Kd2 Nc4+ 40. Kc2 Bh3 (40... Bd7 $5) 41. Kb3 Bd7 42. Rc1 Be8 43.
Ne6 Rc6 44. Nf4+ Kg5 45. Re2 Ne5 46. Re4 Bf7+ 47. Kc2 b5 $2 48. Rd4 Bc4 49.
axb5 axb5 50. Ra1 Rc7 51. h4+ $1 Kf5 (51... Kh6 52. Ra8 Nf7 $16) 52. Nxh5 Kg6
53. Nf4+ Kf7 54. h5 Rb7 55. Ra8 g5 56. Nd5 Nf3 57. Rd1 Rd7 58. Ne3 Re7 59. Nxc4
bxc4 60. Rd6 Kg7 61. h6+ {Ftacnik,L} 1-0

[Event "World-ch34-KK5 Kasparov-Karpov +4-3=17"]
[Site "Lyon/New York"]
[Date "1990.12.15"]
[Round "20"]
[White "Kasparov, Garry"]
[Black "Karpov, Anatoly"]
[Result "1-0"]
[WhiteElo "2800"]
[BlackElo "2730"]
[Annotator "Lutz,C"]
[PlyCount "81"]
[EventDate "1990.10.08"]
[EventType "match"]
[EventRounds "24"]
[EventCountry "USA"]
[SourceTitle "100 Jahre Schach"]
[Source "ChessBase"]
[SourceDate "2000.04.19"]
[SourceVersion "1"]
[SourceVersionDate "2000.04.19"]
[SourceQuality "1"]

{Der 5.WM-Kampf zwischen Karpov und Kasparov in Lyon und New York 1990 war der
letzte zwischen den beiden Dauerrivalen. Kasparov gewann, aber sein Sieg war
nicht so klar, wie allgemein erwartet wurde. Durch den Sieg in der
nachfolgenden Partie konnte Kasparov im Match einen Vorsprung von zwei Siegen
herausarbeiten. Kasparov verlor zwar noch die vorletzte Partie, dennoch
reichte es zu einem knappen 121/2:111/2-Sieg. Bei meinen Analysen stütze ich
mich auf die Kommentare von Kasparov im Informator 50/392.} 1. e4 e5 2. Nf3 Nc6
3. Bb5 a6 4. Ba4 Nf6 5. O-O Be7 6. Re1 b5 7. Bb3 d6 8. c3 O-O 9. h3 Bb7 10. d4
Re8 {Die Zaitsev-Variante war eines der großen Themen in den Wettkämpfen
zwischen Karpov und Kasparov.} 11. Nbd2 Bf8 12. a4 h6 13. Bc2 {Die weiße Idee
besteht darin, mittels d4-d5 und b2-b3, c3-c4 einen Bauernkeil zu etablieren.
Schwarz hätte dann permanent mit Raumnachteil zu kämpfen. Daher löst Schwarz
nun die Zentrumsspannung auf.} exd4 14. cxd4 Nb4 15. Bb1 c5 16. d5 {Wir haben
nun eine Bauernstruktur erreicht, die auch aus dem Modernen Benoni bekannt ist.
Schwarz hat ...b5 erreicht, aber seine Leichtfiguren (insbesondere seine
Läufer) stehen ungewöhnlich. Um nicht strategisch ins Hintertreffen zu geraten,
muss er schnell ein Gegenspiel aufziehen.} Nd7 17. Ra3 f5 {Dieser Zug führt zu
extrem scharfen Stellungen, in denen Weiß ein Übergewicht am Königsflügel und
Schwarz ein Übergewicht am Damenflügel erhält. Insgesamt stand diese Variante
viermal zwischen Kasparov und Karpov auf dem Brett, dreimal währendes des
WM-Kampfes in Lyon/New York und einmal in Amsterdam 1991. Kasparov gewann die
vorliegende Partie, die anderen Begegnungen endeten nach dramatischen Kampf
mit einem Unentschieden.} (17... c4 {ist die Hauptalternative hier. Schwarz
will (ggf. unter Bauernopfer) seinen Springer nach d3 stellen. Allerdings
steht Weiß auch hier besser.}) 18. Rae3 {Weiß bringt den Turm ins Spiel.} (18.
exf5 {ist eine der wesentlichen Alternativen hier. Gewöhnlich fährt Weiß
besser, wenn er den Schwarzen auf e4 schlagen läßt anstatt selbst auf f5 zu
schlagen.} Bxd5 (18... Nf6 19. Ne4 Bxd5 20. Nxf6+ Qxf6 21. Bd2 Qxb2 22. Bxb4
Bf7 $13 {und einer unklaren Stellung in G.Kasparov-A.Karpov (4.WM-Partie Lyon/
New York 1990)}) 19. Ne4 Bf7 20. axb5 d5 21. Nc3 Rxe1+ 22. Nxe1 d4 23. Na2 Nxa2
24. Bxa2 c4 25. Rxa6 Nc5 $1 26. Rxa8 Qxa8 $15 {und in G.Kasparov-A.Karpov (22.
WM-Partie Lyon/New York 1990) hatte Schwarz die Initiative übernommen.}) (18.
Nh2 {ist ebenfalls populär.}) 18... Nf6 (18... f4 $5 {wurde von Karpov in
einer früheren Partie gespielt:} 19. R3e2 Ne5 20. Nf1 Nxf3+ 21. gxf3 Qh4 22.
Nh2 Re5 23. Qd2 $1 Qxh3 24. Qxf4 bxa4 25. Qg4 Qxg4+ 26. Nxg4 Ree8 27. f4 a5 28.
f3 Ba6 29. Rg2 $10 {, J.Timman-A.Karpov (Kandidatenfinale Kuala Lumpur 1990).
Kasparov wird sich diese Partie aber sicherlich gründlich angeschaut haben,
deswegen spielte Karpov nun etwas anderes.}) 19. Nh2 Kh8 {Schwarz will den
König etwas besser stellen, aber wie der nächste weiße Zug zeigt, ist der
schwarze König auch in der Ecke nicht sicher vor den weißen Figuren.} (19...
fxe4 $6 20. Nxe4 Nbxd5 21. Nxf6+ Nxf6 22. Rxe8 Nxe8 23. Qd3 Nf6 24. Ng4 $16 {
(Kasparov) würde die Schleusen für das weiße Spiel öffnen.}) (19... c4 $5 {
(Kasparov)}) (19... Qd7 $5 {war Kasparovs Anregung im Informator. Dieser Zug
wurde dann auch tatsächlich später von Karpov angewandt:} 20. exf5 Rxe3 21.
fxe3 Bxd5 22. Ng4 Be7 $1 23. e4 Bf7 24. Nf3 Rd8 25. Qe2 Bc4 $1 {und Schwarz
hatte schon die Initiative übernommen in G.Kasparov-A.Karpov (Amsterdam 1991)})
20. b3 $1 {Ein vielseitiger Zug: ...c5-c4 wird gestoppt und der Bc1 kann auf
die Diagonale a1-h8 gebracht werden} bxa4 21. bxa4 c4 $1 {Dieses Bäuerlein
macht einen recht einsamen Eindruck, doch der Schein trügt: der Nb4 soll nach
d3 springen und so die weißen Bauern auf e4 und d5 unterminieren helfen.
Einige Züge später "vergißt" Karpov jedoch die Idee ...Nd3.} 22. Bb2 fxe4 23.
Nxe4 Nfxd5 24. Rg3 Re6 25. Ng4 {Wirklich jede weiße Figur ist auf den
schwarzen König gerichtet.} Qe8 $2 {Der entscheidende Fehler, da nun das
Ungewitter über den schwarzen König hereinbricht.} (25... Nd3 $1 26. Bxd3 cxd3
27. Rxd3 Qa5 $13 {wird von Kasparov empfohlen. Unter Rückgabe des Mehrbauern
wird der (für die Verteidigung des Königsflügels) unwichtige Nb4 gegen den
gefährlichen Bb1 abgetauscht.}) 26. Nxh6 $1 c3 ({Nach} 26... Rxh6 27. Nxd6 {
gibt Kasparov einige durchschlagende Varianten an:} Qd7 (27... Qxe1+ 28. Qxe1
Rxd6 29. Qe4 Nd3 30. Qh4+ Kg8 31. Bxg7 $1 Bxg7 32. Qg4 $18) (27... Qh5 28. Rg5
$1 {Dies schwarze Dame muss jetzt die Kontrolle über f7 aufgeben.} Qxd1 29.
Nf7+ Kg8 30. Nxh6+ Kh8 31. Rxd1 c3 32. Nf7+ Kg8 33. Bg6 cxb2 34. Rh5 $18) 28.
Qg4 $1 Qxg4 29. Nf7+ Kg8 30. Nxh6+ gxh6 31. Rxg4+ Kf7 32. Bg6+ Kg8 33. Bf5+ Kf7
34. Be6+ {und Weiß verbleibt mit einem Mehrturm.}) 27. Nf5 cxb2 28. Qg4 Bc8 (
28... Nc3 29. Nf6 $1 Rxe1+ 30. Kh2 $18 {(Kasparov)}) (28... g6 29. Kh2 $1 Qd7
30. Nh4 Bc8 31. Nxg6+ Rxg6 32. Qxg6 $18 {(Kasparov)}) 29. Qh4+ Rh6 (29... Kg8
30. Kh2 $1 {nebst Ng5 (Kasparov)}) 30. Nxh6 gxh6 31. Kh2 $1 $18 {Ein kleiner,
aber feiner Zug, der schon in einigen Varianten vorher auftauchte. Der weiße
Angriff darf nicht durch den eigenen König behindert werden. Der Ne4 kann nun
abziehen, ohne dass der Re1 mit Schach geschlagen wird. Man beachte, dass in
der 16.WM-Partie des 3.WM-Kampfes (London/Leningrad 1986) zwischen den beiden
Spielern Kasparov ebenfalls den Zug 31.Kh2! spielte und im Angriff gewann. Ob
diese Parallele Kasparov nun in dieser Partie bewußt war ?} Qe5 (31... Bg7 32.
Nxd6 Qxe1 33. Qxh6+ $1 Bxh6 34. Nf7# {(Kasparov)}) 32. Ng5 $1 Qf6 (32... Qxe1
33. Nf7#) 33. Re8 Bf5 34. Qxh6+ $5 {Kein schlechter Zug, denn nun entwirrt
sich die Stellung mit Schachgeboten. Wäre Kasparov in weniger großer Zeitnot
gewesen, hätte er sicherlich das Matt in sechs Zügen gefunden.} (34. Nf7+ $1
Qxf7 (34... Kh7 35. Qxf6 Nxf6 36. Bxf5#) 35. Qxh6+ Bh7 (35... Qh7 36. Qxf8+ Qg8
37. Qxg8#) 36. Rxa8 Nf6 37. Rxf8+ Qxf8 38. Qxf8+ Ng8 39. Qg7#) 34... Qxh6 35.
Nf7+ Kh7 36. Bxf5+ Qg6 37. Bxg6+ (37. Rxg6 $5 $18 {ist auch nicht von
schlechten Eltern.}) 37... Kg7 38. Rxa8 Be7 39. Rb8 a5 40. Be4+ Kxf7 41. Bxd5+
{Nach Beendigung der Zeitnot sah Karpov zu Recht keinen Grund mehr, die Partie
fortzusetzen.} 1-0

[Event "Linares 09th"]
[Site "Linares"]
[Date "1991.??.??"]
[Round "10"]
[White "Ehlvest, Jaan"]
[Black "Kasparov, Garry"]
[Result "0-1"]
[WhiteElo "2650"]
[BlackElo "2800"]
[Annotator "Boensch,U"]
[PlyCount "80"]
[EventDate "1991.02.??"]
[EventType "tourn"]
[EventRounds "13"]
[EventCountry "ESP"]
[EventCategory "17"]
[SourceTitle "CBM 022"]
[Source "ChessBase"]
[SourceDate "1991.06.01"]
[SourceVersion "1"]
[SourceVersionDate "1991.06.01"]
[SourceQuality "1"]

1. e4 {Boensch} c5 2. Nf3 e6 3. d4 cxd4 4. Nxd4 a6 5. c4 Nf6 6. Nc3 Qc7 7. Bd3
(7. a3 d6 8. Be3 Be7 9. Rc1 O-O 10. g4 Nc6 11. g5 Nd7 12. Nxc6 bxc6 13. f4 $13
{Velimirovic,D-Abramovic,B Stara Pazova 1988 -Inf.46/221}) 7... Be7 {N} (7...
Nc6 8. Nde2 (8. Nxc6 $5) 8... Bc5 9. O-O Ne5 10. h3 d6 11. Bg5 Nfd7 12. Rc1
Nxd3 13. Qxd3 Ne5 {Suetin -ECO S.242}) 8. f4 d6 9. Qe2 Nc6 10. Nf3 (10. Nxc6 $5
) 10... Nd7 11. a3 (11. O-O Bf6 12. Bd2 Qb6+ 13. Kh1 Qxb2 14. Rab1 $13) 11...
Bf6 12. Be3 (12. Bd2 Nd4 13. Nxd4 Bxd4 $15) 12... Bxc3+ 13. bxc3 e5 14. f5 (14.
O-O exf4 15. Bxf4 Nce5 $17) 14... Ncb8 $1 (14... Nc5 15. Bxc5 dxc5 16. O-O $13
{/\ Nd2-f1-e3-d5} (16. Nd2 $2 Qa5)) 15. O-O Nc5 16. Bc2 Nbd7 17. Rfd1 Nf6 18.
Nd2 Bd7 19. Bg5 Bc6 20. Qf3 O-O-O $17 21. Re1 h6 22. Bh4 Rdg8 23. Kh1 Nfd7 24.
Nf1 g5 25. Bf2 h5 26. Qd1 h4 27. Qb1 Nf6 28. Bxc5 dxc5 29. Ne3 Qa5 30. Qb2 (30.
Nd5 $5) 30... h3 31. g3 Nxe4 $19 32. Bxe4 Bxe4+ 33. Kg1 Rd8 34. Ng4 Bxf5 35.
Nxe5 Qc7 36. Qf2 Be6 37. Rab1 Rd6 38. Rb2 Rhd8 39. Rbe2 f6 40. Ng6 Bxc4 0-1

[Event "Linares 09th"]
[Site "Linares"]
[Date "1991.??.??"]
[Round "12"]
[White "Ljubojevic, Ljubomir"]
[Black "Kasparov, Garry"]
[Result "0-1"]
[WhiteElo "2590"]
[BlackElo "2800"]
[Annotator "Anand,V"]
[PlyCount "86"]
[EventDate "1991.02.??"]
[EventType "tourn"]
[EventRounds "13"]
[EventCountry "ESP"]
[EventCategory "17"]
[SourceTitle "CBM 022"]
[Source "ChessBase"]
[SourceDate "1991.06.01"]
[SourceVersion "1"]
[SourceVersionDate "1991.06.01"]
[SourceQuality "1"]

1. e4 c5 2. Nc3 d6 3. f4 Nc6 4. Nf3 g6 5. Bb5 Bd7 6. O-O Bg7 7. d3 a6 8. Bxc6
Bxc6 9. Qe1 Qd7 10. a4 b6 11. b3 Nf6 12. h3 Nh5 13. Bd2 f5 {Kasparov trailed
Ivanchuk by a 1/2 point here and desperately needed to win to stay in the race}
14. exf5 gxf5 15. Qh4 Nf6 16. Rae1 O-O-O 17. a5 $2 (17. Re2 $13) 17... b5 18.
b4 cxb4 19. Na2 Nd5 20. Nxb4 Bf6 21. Qf2 Nxb4 22. Bxb4 Rhg8 $17 23. Re2 {
Now Ljubojevic has to defend g2} Rg6 24. Qe1 Rdg8 25. Kh2 e5 $1 26. fxe5 Bxe5+
27. Kh1 Qb7 (27... Qg7 $19) (27... Rg3 $19) 28. d4 $1 {Now things start to get
messy} Rxg2 $4 (28... Bxd4 29. Nxd4 Bxg2+ 30. Kh2 Bxf1 31. Qxf1 $13) (28... Bf4
29. Qc3 Kb8 $19) 29. Rxg2 Rxg2 (29... Bxf3 30. Rxf3 Qxf3 31. Qc3+ Qxc3 32.
Rxg8+ $18) 30. Kxg2 Qg7+ 31. Kh1 Bf4 {Kasparov,horrified at what he had done
settled down to hope that Ljubo-in terrible zeitnot would return the favour}
32. Qe6+ $2 (32. d5 Bxd5 (32... Qh6 33. Qe6+) 33. Qc3+ $18) 32... Bd7 33. Qd5 (
33. Qe2 {/\ Qg2+-}) 33... Qg3 34. Qa8+ $2 (34. Be1 Qxh3+ 35. Kg1 Be3+ 36. Rf2
$16) 34... Kc7 35. Re1 Qxh3+ 36. Kg1 Qg3+ 37. Kf1 Qh3+ 38. Ke2 $2 (38. Kg1 $10)
38... Bc6 39. Qa7+ Kc8 40. Rf1 (40. d5 Bxd5 41. Qf2 Bg3) 40... Qg2+ $19 41. Ke1
Bg3+ 42. Kd1 Qxf1+ 43. Ne1 Bxe1 0-1

[Event "Amsterdam Euwe Memorial"]
[Site "Amsterdam"]
[Date "1991.??.??"]
[Round "7"]
[White "Kortschnoj, Viktor Lvovich"]
[Black "Kasparov, Garry"]
[Result "0-1"]
[WhiteElo "2615"]
[BlackElo "2800"]
[Annotator "Ftacnik,L"]
[PlyCount "62"]
[EventDate "1991.05.??"]
[EventType "tourn"]
[EventRounds "9"]
[EventCountry "NED"]
[EventCategory "16"]
[SourceTitle "CBM 023"]
[Source "ChessBase"]
[SourceDate "1991.08.01"]
[SourceVersion "1"]
[SourceVersionDate "1991.08.01"]
[SourceQuality "1"]

1. Nf3 {Wahls} Nf6 2. c4 g6 3. Nc3 Bg7 4. e4 d6 5. d4 O-O 6. Be2 e5 7. O-O Nc6
8. d5 Ne7 9. Ne1 Nd7 10. Be3 f5 11. f3 f4 12. Bf2 g5 13. a4 Ng6 14. Nd3 (14. a5
Rf7 15. b4 Nf6 16. c5 Bf8 17. cxd6 Bxd6 18. Nd3 Rg7 19. Nc5 Nf8 20. Nb5 g4 21.
Bh4 (21. Qe1 Qe8 {Kortchnoi,V-Nunn,J/Amsterdam OHRA/1990/} (21... Qe8 {Wahls}
22. fxg4 Nxg4 23. Qc3 Qg6 24. Bf3 Qh6 $40 {Kortschnoi-Nunn,Amsterdam 90}))
21... h5 22. Bc4 Qe7 23. Kh1 a6 $2 24. Nxc7 Qxc7 25. Bxf6 $16 {Kortchnoi,
V-Polgar,J/Pamplona/1990/}) 14... Nf6 15. c5 h5 16. h3 Rf7 17. c6 $2 (17. cxd6
cxd6 18. Rc1) 17... a5 $1 (17... bxc6 18. dxc6 Bf8 19. Nb4 Rg7 20. Nbd5 $16) (
17... b6 18. a5 Rb8 19. axb6 axb6 20. Nb5 $16) 18. cxb7 Bxb7 19. b4 (19. Rc1
Bc8 20. Qc2 g4 $17) 19... Bc8 $1 20. bxa5 Bh6 21. Nb4 g4 22. Nc6 Qf8 23. fxg4
hxg4 24. hxg4 Bg5 25. Bf3 Qh6 26. Re1 Nh4 (26... Bh4 27. Kf1 Bxf2 28. Kxf2 Qh4+
29. Ke2) 27. Bxh4 (27. Kf1 Nxf3 28. gxf3 Nxg4 $1 $19) 27... Bxh4 28. g5 Qxg5
29. Re2 Ng4 30. Rb1 Bg3 31. Qd3 Qh4 {Ftacnik,L} (31... Qh4 32. Reb2 Ne3) 0-1

[Event "Amsterdam Euwe Memorial"]
[Site "Amsterdam"]
[Date "1991.??.??"]
[Round "9"]
[White "Ljubojevic, Ljubomir"]
[Black "Kasparov, Garry"]
[Result "0-1"]
[WhiteElo "2590"]
[BlackElo "2800"]
[PlyCount "80"]
[EventDate "1991.05.??"]
[EventType "tourn"]
[EventRounds "9"]
[EventCountry "NED"]
[EventCategory "16"]
[SourceTitle "CBM 023"]
[Source "ChessBase"]
[SourceDate "1991.08.01"]
[SourceVersion "1"]
[SourceVersionDate "1991.08.01"]
[SourceQuality "1"]

1. e4 c5 2. Nf3 d6 3. Bb5+ Nd7 4. d4 Ngf6 5. O-O a6 6. Bxd7+ Nxd7 7. Nc3 e6 8.
Bg5 Qc7 9. Re1 cxd4 10. Qxd4 Ne5 11. Rad1 Bd7 12. Nxe5 dxe5 13. Qd2 b5 14. a3
Rc8 15. Re3 f6 16. Rd3 Bc6 17. Be3 Kf7 18. f3 a5 19. Qf2 b4 20. axb4 axb4 21.
Na2 Bb5 22. R3d2 Ra8 23. Nc1 Be7 24. Bb6 Qc6 25. Nb3 Rhc8 26. Be3 g5 27. g4 h5
28. h3 Kg6 29. Kg2 h4 30. Qg1 Ra2 31. Rb1 Bc4 32. Nc1 Raa8 33. Nb3 Rd8 34. Rbd1
Rxd2+ 35. Rxd2 Ra2 36. Qb1 Qa4 37. Bc5 Bxc5 38. Nxc5 Qa7 39. b3 Ra1 40. bxc4
Rxb1 0-1